[Event "RUS-ch 53rd"]
[Site "Samara"]
[Date "2000.06.23"]
[Round "7"]
[White "Sapunov, Evgeny"]
[Black "Tregubov, Pavel V"]
[Result "1/2-1/2"]
[WhiteElo "2498"]
[BlackElo "2615"]
[Annotator "Horn,Pe"]
[PlyCount "80"]
[EventDate "2000.06.03"]
[EventType "swiss"]
[EventRounds "11"]
[EventCountry "RUS"]
[SourceTitle "CBM 078"]
[Source "ChessBase"]
[SourceDate "2000.10.18"]
[SourceVersion "1"]
[SourceVersionDate "2000.10.18"]
[SourceQuality "1"]

1. e4 c5 2. Nf3 e6 3. d3 Nc6 4. g3 Nge7 5. Bg2 g6 6. O-O Bg7 7. Re1 d6 8. c3
O-O 9. a3 e5 10. Nbd2 h6 11. b4 Be6 ({Häufig unterbindet man b4-b5 mit} 11...
a6) 12. Rb1 (12. Bb2 Qd7 (12... b5 13. Qe2 (13. Nb3 Qb6 14. Bc1 c4 15. dxc4
bxc4 16. Be3 Qc7 17. Nbd2 f5 18. exf5 Nxf5 19. Ne4 Kh8 $11 {Jansa,V-Kindermann,
S/Fuerth 1999}) 13... Qb6 14. Rab1 a5 15. Qe3 Rfb8 16. bxc5 dxc5 17. a4 b4 18.
Rec1 bxc3 19. Bxc3 Qa7 20. Nc4 Bxc4 21. dxc4 Nd4 $11 {Ansell,S-Williams,S/
Witley 1998}) 13. b5 (13. Rb1 b6 14. d4 exd4 (14... Bg4 15. d5 Nd8 16. bxc5
bxc5 17. c4 f5 18. h3 Bxf3 {1/2-1/2 Jansa,V-Adorjan,A/Budapest 1970}) 15. cxd4
cxd4 16. Nb3 Ne5 17. Nbxd4 Bc4 18. Nxe5 dxe5 19. Nf5 Qe6 20. Nxg7 Kxg7 21. Qc1
f6 $11 {Oratovsky,M-Tseitlin,M/ISR 1992}) (13. Nb3 b6 (13... a5 14. b5 Nd8 15.
a4 f5 16. Nbd2 f4 $132 {Grossett,D-Moore,G/Hanham 1994}) 14. d4 exd4 15. cxd4
cxb4 16. axb4 d5 17. Ne5 Nxe5 18. dxe5 Rfd8 19. exd5 Nxd5 20. Nd4 Rac8 21. Qb3
$14 {Polaczek,R-Lazarev,V/Biel 1992}) 13... Na5 14. c4 b6 15. Nf1 Bh3 16. Bc3
Bxg2 17. Kxg2 Nb7 18. N3d2 Nd8 19. a4 Ne6 20. a5 $14 {Bronstein,D-Lokvenc,J/
Miskolc 1963}) (12. Nb3 c4 13. d4 cxb3 14. d5 Bg4 15. dxc6 bxc6 16. Qxb3 Be6
17. Qc2 Qc7 18. c4 $11 {Petrovic,M-Poluljahov,A/Tivat 1995}) (12. Nf1 cxb4 13.
axb4 b5 14. Be3 a5 15. bxa5 Rxa5 16. Qd2 Kh7 17. d4 Bc4 18. Qb2 exd4 19. Nxd4
Ne5 20. Rxa5 Nd3 21. Qa3 Nxe1 $11 {Sokolov,A-Gofshtein,L/FRA 1999}) (12. Nc4 b5
13. Ne3 a5 14. c4 axb4 15. cxb5 Nd4 16. Nxd4 cxd4 17. Nc4 Qc7 18. Bf1 Rfb8 $132
{Svetushkin,D-Chernov,V/Brasov 1998}) 12... Qc7 $146 {Gefällt mir nicht besser
als Qd7 oder cxb4.} (12... b6 13. Bb2 a5 $2 14. b5 Na7 15. a4 Qc7 16. d4 $16 {
Ivkov,B-Penrose,J/Nice 1974}) (12... Qd7 13. b5 (13. Nc4 b5 14. Ne3 Rab8 15.
Nd2 a5 16. Nd5 cxb4 17. cxb4 axb4 18. axb4 Bg4 $132 {Chase,C-Psakhis,L/Las
Vegas 1997}) 13... Na5 14. d4 Rac8 15. Qa4 b6 16. Bb2 g5 17. d5 Bh3 18. c4 Ra8
19. Bc3 Nb7 20. Qc2 Bxg2 21. Kxg2 f5 22. exf5 Nxf5 $132 {Hort,V-Lobron,E/Biel
1986}) (12... cxb4 13. cxb4 b5 14. Bb2 Qb6 15. Nb3 Rad8 16. Bc3 f5 17. Qd2 Rf7
18. Qb2 Rdf8 $15 {Kristiansen,J-Poulton,J/Esbjerg 1996}) 13. b5 Na5 14. c4 f5 (
{Es kam auch} 14... g5 {in Frage.}) 15. exf5 {Unbedingt erforderlich: so wird
der Bg2 lebendig, der sonst nach Pf5-f4 begraben würde.} gxf5 {Scharf gespielt.
} (15... Nxf5 $142 $11) 16. Nh4 {[%cal Yf2f4] Weiß schränkt den Ne7 ein und
verlängert den Bg2.} (16. Bb2 $143) 16... Rad8 ({Im Nachhinein stellt sich die
Frage, ob man} 16... Rae8 {nicht gleich hätte spielen sollen.}) 17. Qe2 Rde8 {
Ein deutliches Zeichen, daß im schwarzen Aufbau nicht alles zum Besten steht.}
(17... f4 {[%csl Ge4] verhindert mechanisch f2-f4, schwächt aber e4.}) 18. f4
Bf7 (18... Bd7 {wäre vielleicht das kleinere Übel.}) 19. fxe5 dxe5 20. Bb2 Qd7
21. Bh3 (21. Bxe5 $2 Ng6 22. Nxg6 Bxg6 $44 {bringt Weiß in große Gefahr.})
21... Rd8 22. Bxe5 Bxe5 23. Qxe5 Ng6 (23... Qxd3 24. Qxc5 Qxd2 25. Rxe7 $16)
24. Nxg6 Bxg6 25. Ne4 $1 (25. Re3 $16) 25... Qd4+ (25... Qxd3 26. Nf6+ Rxf6 27.
Qxf6 $16) 26. Qxd4 cxd4 27. Nc5 {[%csl Gc5,Ge1,Gh3]} f4 {Bei passivem
Verhalten ist Schwarz verloren.} 28. gxf4 (28. b6 $16) 28... b6 29. Ne6 Bxd3
30. Rbd1 (30. Nxd8 Bxb1 31. Ne6 Bf5 32. Nxf8 Bxh3 33. Ng6 Nxc4 34. Rd1 $18)
30... Bxc4 31. Nxd8 Rxd8 32. Be6+ (32. Re7 Bxb5 33. Rxa7 d3 (33... Rd6 34. Re1
d3 35. Ree7 $18) 34. Be6+ Kh8 35. Bf5 {gab auch ausgezeichnete Gewinnchancen.})
32... Bxe6 33. Rxe6 d3 34. Re3 $6 (34. Re4 $142) 34... d2 35. Rc3 $2 (35. Re4 {
verhindert das Eingreifen des Na5 über c4.} Nb3 36. Kf2 Nc5 37. Re2 Kf7 38.
Rexd2 Ne4+ 39. Ke3 Nxd2 40. Rxd2 Re8+ 41. Kf3 $16) 35... Rd4 36. Kf2 Nc4 {
Nun wirken die schwarzen Figuren optimal zusammen.} 37. Rb3 (37. Kf3 $2 Nb2) (
37. Ke2 Rxf4 38. a4) 37... Rxf4+ 38. Ke2 Rd4 39. Kf2 Rf4+ 40. Rf3 Rd4 1/2-1/2

[Event "Politiken Cup 18th"]
[Site "Copenhagen"]
[Date "1996.??.??"]
[Round "8"]
[White "Kogan, Artur"]
[Black "Sher, Miron Naumovich"]
[Result "1-0"]
[WhiteElo "2485"]
[BlackElo "2500"]
[Annotator "Horn,Pe"]
[PlyCount "79"]
[EventDate "1996.06.??"]
[EventType "swiss"]
[EventRounds "11"]
[EventCountry "DEN"]
[SourceTitle "CBM 054"]
[Source "ChessBase"]
[SourceDate "1996.10.01"]
[SourceVersion "1"]
[SourceVersionDate "1996.10.01"]
[SourceQuality "1"]

1. Nf3 c5 2. g3 g6 3. Bg2 Bg7 4. O-O Nc6 5. e4 e5 6. a3 $5 {[%cal Yb2b4] Eine
aus Königsindischen Stellungen wohlbekannte Idee. So früh habe ich das aber
noch nicht gesehen.} Nge7 7. b4 $5 {Auch die Idee, den Pb4 zu opfern, ist
bekannt: z.B. Dzindzichashvili-P.Wolff, New York 1992 (dort mit den
zusätzlichen Zügen d3/d6). Aber so früh scheint das neu zu sein.} cxb4 {
Die prinzipielle Fortsetzung, allerdings kam auch die Ablehnung in Frage.} (
7... d5 8. exd5 $5 (8. d3) (8. b5 dxe4 9. Ng5 Nd4 10. Nxe4 $13) 8... e4 9. dxc6
Bxa1 10. cxb7 Bxb7 11. Ng5 $13) (7... d6 {Sieht von einem Widerlegungsversuch
ab und setzt die schwarze Blockadepolitik im Zentrum fort.} 8. b5 (8. c3 $5 {
[%cal Yb4b5]}) (8. d3 {Damit würde in die schon erwähnte Partie
Dzindzichashvili-P.Wolff übergeleitet.}) 8... Nd4 9. Nxd4 exd4) 8. axb4 Nxb4 9.
Ba3 Nec6 (9... Nbc6 10. Bd6 $44 (10. Nc3 $5)) 10. c3 Na6 {[%cal Ga3f8] /\ d6}
11. d4 (11. Bd6 $2 Qf6 {und der Bd6 kann sich nicht halten.}) (11. d3 {ist
wahrscheinlich zu langsam} d6 12. Nbd2 O-O 13. Nc4 Nc5 $15) 11... d6 12. Nbd2 {
[%cal Yd2c4]} O-O $2 (12... Nc7 13. Rb1 (13. Nc4 Nb5 14. d5 Nxa3 (14... Ne7 15.
Qa4 Bd7 16. Bxd6 $16) 15. Rxa3 Nb8 $1 (15... Ne7 16. Qa4+ $16) 16. Qa4+ Ke7 $8)
(13. d5 Nb8 (13... Ne7 $2 14. Nc4 $16) 14. Nc4 Bf8 15. Qb3 $44) 13... b5 14.
dxe5 (14. d5 $6 Na5) 14... dxe5 15. Qe2 a5 16. Rfd1 Qf6 17. Nf1 Bf8 18. Bxf8
Kxf8 19. Ne3 $44) (12... b5 $6 13. d5 Ne7 14. c4 $44) 13. Nc4 exd4 (13... b5 $2
14. Nxd6 b4 15. cxb4 Qxd6 16. b5 $16) 14. Nxd4 $1 {bringt den Bg2 kräftig ins
Spiel.} (14. cxd4 b5 15. Nxd6 b4 16. Nxc8 bxa3 $17) 14... Qd7 $6 (14... Nxd4
15. cxd4 Qc7 (15... b5 $2 16. Nxd6 b4 17. e5 $18) 16. Rc1 Rd8 17. Nxd6 $16) (
14... Nc5 15. Nxc6 bxc6 16. Nxd6 Qa5 (16... Qb6 17. Rb1 Qa5 18. Nc4 Qxc3 19.
Rc1 Qd4 20. Na5 $18) 17. Bb4 Qb6 18. e5 $1 $18) (14... Nab4 15. Bxb4 (15. e5 $5
) 15... Bxd4 16. Bxd6 Bxc3 17. Rc1 Bg7 18. Bxf8 Qxf8 19. f4 $16) (14... Be6 15.
Nxd6 Qd7 16. Nxc6 bxc6 (16... Qxc6 17. e5 Qxc3 18. Bxb7 $16) 17. Nf5 $1 Qxd1
18. Rfxd1 $16) 15. Bxd6 Re8 (15... Rd8 {macht keinen großen Unterschied} 16. e5
Nxd4 17. cxd4 Nc7 18. Qb3) 16. e5 $18 {[%cal Ra1a6]} Nxd4 (16... Nc7 17. Nxc6
bxc6 18. Na5 $18) 17. cxd4 {[%cal Ra1a6]} Nc7 (17... Qb5 18. Na5 $18) 18. Qb3
Nb5 (18... Rd8 19. Rfb1 $18 {[%csl Rb7]}) 19. Rfd1 {[%cal Rc4b6]} (19. Nb6 Nxd4
20. Qc4 $18) 19... Rd8 (19... Nxd6 20. Nxd6 Rd8 21. Bd5 $18) 20. Nb6 axb6 21.
Rxa8 Nxd6 22. exd6 Qxd6 23. d5 {Ich habe den Verdacht, daß ab hier die Zeitnot
das Geschehen bestimmt haben könnte.} Bf6 24. Bf1 Kg7 25. Bb5 h5 26. Qe3 Bg4
27. Rxd8 Bxd8 28. f3 $2 (28. Be2) 28... Bf5 $2 (28... Bxf3 29. Qxf3 Qc5+ 30.
Kg2 Qxb5 31. d6 Qd7) 29. Kg2 Bf6 30. Be2 Be5 31. g4 $2 hxg4 $2 (31... Bf4 32.
Qc3+ Be5 33. Qb3) 32. fxg4 Bd7 33. h4 (33. h3) 33... b5 (33... f5) 34. h5 Bf4
35. Qd4+ Be5 36. Qd3 b4 37. Rh1 Bc3 38. Qf3 {[%cal Rh5h6]} Be8 39. Bd3 Qe5 40.
Qe4 1-0

[Event "RUS-chT 05th"]
[Site "Maikop"]
[Date "1998.06.10"]
[Round "8"]
[White "Zaitsev, Vadim"]
[Black "Vaulin, Alexander"]
[Result "0-1"]
[WhiteElo "2425"]
[BlackElo "2535"]
[Annotator "Horn,Pe"]
[PlyCount "78"]
[EventDate "1998.06.03"]
[EventType "team-tourn"]
[EventRounds "11"]
[EventCountry "RUS"]
[SourceTitle "CBM 066"]
[Source "ChessBase"]
[SourceDate "1998.09.30"]
[SourceVersion "1"]
[SourceVersionDate "1998.09.30"]
[SourceQuality "1"]
[WhiteTeam "Novokuznetsk"]
[BlackTeam "Ekaterinburg Agat"]
[WhiteTeamCountry "RUS"]
[BlackTeamCountry "RUS"]

1. Nf3 c5 2. g3 Nc6 3. Bg2 e5 4. O-O g6 5. e4 Bg7 6. c3 Nge7 7. d3 O-O 8. Be3 {
Dieser Zug wird gerne von Spielern gewählt, die den Königsindischen Angriff
anwenden, um den (möglicherweise) überlegenen Theoriekenntnissen des Gegners
auszuweichen. Er birgt aber ein erhebliches strategisches Risiko, da der Be3
Anwürfen von links (Pd5) und rechts (Pf5) ausgesetzt ist. Es ist auch zu
beachten, daß hier Schwarz ein Mehrtempo gegenüber der Variante mit Pe7-e6-e5
hat. Die Resultate sprechen denn auch deutlich für Schwarz. Dies dürfte aber
auch teilweise auf den unterschiedlichen Elo-Durchschnitt von Weiß und Schwarz
zurückzuführen sein.} b6 {[%cal Yd7d5] Die radikalste Maßnahme: wegen des
drohenden Pd5 muß Weiß jetzt sofort aktiv werden.} (8... d6 9. d4 (9. a3 f5 (
9... h6 10. b4 b6 11. Nbd2 Be6 12. b5 Na5 13. c4 f5 14. exf5 gxf5 15. Nb3 Nxb3
(15... f4 $5 16. Bd2 e4) 16. Qxb3 f4 17. Bd2 Qd7 18. Rae1 Bg4 $13 {Messmer,
M-Thesing,M/BL/1990}) 10. Qd2 $6 Na5 11. b4 $2 Nb3 12. Qa2 c4 $19 {
Polihroniade,E-Kovalev,A/Berlin Summer op/1992}) (9. Nh4 Be6 10. Nd2 Qd7 11. f4
exf4 12. gxf4 f5 13. Nhf3 Kh8 14. Ng5 Bg8 15. Qe1 Rae8 16. Qh4 b6 17. Rf3 h6
18. Bf2 fxe4 19. dxe4 d5 20. Rd3 Qc7 21. exd5 Rd8 22. Bg3 Nxd5 $17 {Stratil,
L-Wedberg,T/Berlin op/1988}) (9. Nfd2 Be6 10. c4 $2 (10. f4) 10... f5 $15 11.
f3 Qd7 12. Nc3 f4 13. Bf2 h5 14. Nd5 g5 15. Nb1 $6 (15. Nxe7+ $15) 15... Ng6
16. Nbc3 Rf7 17. Kh1 Raf8 $17 {Biyiasas-Dzindzichashvili/Lone Pine/1980}) 9...
exd4 (9... b6 {ist auch möglich:} 10. Na3 Bg4 11. d5 Nb8 12. h3 Bxf3 13. Bxf3
f5 14. Qd2 Nd7 $11 {Kolin,J-Simsa,O/CZE Tschechien-ch/1994}) (9... cxd4 10.
cxd4 Bg4 11. d5 Nd4 12. Bxd4 exd4 13. h3 Bd7 14. Na3 Rc8 15. Qb3 b5 16. Rfd1
Qb6 17. Nc2 $16 {Aldrovandi,C-Colovic,A/WchJM-U18/1994}) 10. cxd4 Qb6 (10... d5
11. Nc3 $2 cxd4 $2 12. Nxd4 dxe4 13. Nxc6 Nxc6 14. Bxe4 Qe7 $11 {Griffiths,
P-Bailey,R/BCF-ch/1970}) (10... Bg4 11. dxc5 Bxb2 12. Nbd2 Bxa1 13. Qxa1 f6 (
13... dxc5 14. Bxc5 f6 15. h3 Be6 16. e5 fxe5 17. Rd1 Qa5 18. Ne4 Bf5 19. Bxe7
Nxe7 20. Nxe5 $17 {Dorner,G-Gerhold,M/AUT-chT2W 9697/1996}) 14. h3 Be6 15. Rd1
dxc5 16. Nb3 Qc8 17. Nxc5 Bxh3 18. Rd6 Bg4 19. Bf1 $1 Na5 (19... Bxf3 20. Bc4+
Kg7 21. Ne6+ Kh8 22. Bh6 $44) 20. Nh2 b6 21. Rxf6 $44 {Weinzettl,E-Sandor,C/
AUT-chT2O 9697/1997}) 11. Na3 cxd4 12. Bg5 Qxb2 13. Nc4 Qb4 14. Qd3 d5 15. exd5
Bf5 $19 {Lauterbach,I-Bibby,S/Maidstone Menchik op/1994}) 9. d4 {Der einzige
engagierte Versuch, Be3 zu rechtfertigen.} (9. Qd2 d5 10. exd5 Nxd5 11. Bh6 Bb7
12. Na3 Re8 13. Bxg7 Kxg7 14. Rfe1 Qd7 15. Nc4 f6 $15 {Rolletschek,H-Stanec,N/
AUT-ch Moesern/1997}) 9... exd4 (9... cxd4 10. cxd4 d5 11. Nxe5 Nxe5 12. dxe5
Bxe5 13. Bd4 Bxd4 14. Qxd4 dxe4 15. Qxe4 $14 {Kalisky,V-Certek,P/SVK-ch/1983})
10. cxd4 d5 11. exd5 Nxd5 12. Bg5 (12. Nc3 Nxe3 (12... Ba6 $2 13. Nxd5 $18) 13.
fxe3 Ba6 14. Re1 Nb4 15. Qa4 Qe8 16. Qb3 Rd8 $17 {Rothe,G-Teske,H/Dresden op/
1997}) 12... f6 13. Bc1 Ba6 14. Re1 Ndb4 (14... cxd4 15. Nxd4 Nxd4 16. Qxd4 Bb7
17. Nc3 $14) 15. Re6 $2 $146 {Schach kann ja so grausam sein: ein neuer Zug,
und schon ist die Partie verloren. Es sieht so aus, als ob Zaitsev sich
erstmalig am Brett mit dieser Stellung auseinandergesetzt hat.} (15. Qb3+ {
Das scheint mir der einzige Versuch zu sein, das weiße Spiel zu rechtfertigen.
Allerdings findet die Qb3 kein ruhiges Plätzchen, und Schwarz hat angesichts
seiner überlegenen Entwicklung keine Probleme.} c4 {Ich nehme an, daß Zaitsev
den Zug deswegen verworfen hat: Schwarz hat mit Tempo eine Majorität am
Damenflügel etabliert und die Qb3 irrt weiter durch die Gegend. Aber das
Aufheben der Spannung im Zentrum schwächt den Zusammenhalt der schwarzen
Figuren und gibt Weiß mit Pd4 und Bg2 etwas Gegenspiel.} 16. Qc3 (16. Qa3 Bb7
17. Re2 Re8 18. Rxe8+ Qxe8 19. Qc3 $15) (16. Qa4 Rb8 $5) 16... Nd3 (16... Re8
17. Bd2 $11) (16... Rf7 17. b3 $11) (16... Rc8 17. Be3 Re8 $15) 17. Rd1 (17.
Re2 f5 $15) 17... f5 $2 (17... Rc8 18. Qa3 Bb7 19. Be3 $11) 18. Rxd3 cxd3 19.
Qxc6 Rc8 20. Qe6+ Kh8 21. Nc3 (21. Bg5 $16) 21... Bxd4 22. Nxd4 (22. Bg5 $142
Bf6 23. Nd5 Bxg5 $2 24. Nxg5 $18) 22... Re8 23. Be3 Rxe6 24. Nxe6 Qd6 25. Ng5
Qb4 $2 (25... Bc4) 26. a3 $18 {Nun,J-Cramling,D/Eksjo/1982}) 15... Qd7 (15...
Bc4 {war auch nicht schlecht.}) 16. d5 Rad8 (16... Nxd5 17. Ne5 (17. Rxc6 Rad8
$1 18. Ne5 fxe5 19. Bxd5+ Qxd5 20. Qxd5+ Rxd5 $19) 17... Nxe5 18. Qxd5 Bc4 19.
Qxd7 Nxd7 $17) 17. Nc3 Qxe6 {Am einfachsten: Schwarz wickelt in ein Endspiel
mit einem Mehrbauern ab.} (17... Qf7 18. Qa4 Ne5 $17) 18. dxe6 Rxd1+ 19. Nxd1 {
[%csl Re6] Der Pe6 ist allein auf feindlichem Gelände: es gibt keine Chance,
ihn zu retten.} Bc4 (19... Re8 $19) 20. Ne1 (20. a3 Nc2 21. Ne3 Nxa1 22. Nxc4
Re8 $19) 20... Bxe6 $19 21. Ne3 Nd4 22. Bd2 Rd8 23. Bxb4 cxb4 24. N1c2 Nxc2 25.
Nxc2 Bf8 26. Ne3 Rd2 27. b3 Bc5 28. Bf3 a5 29. Kf1 Bxe3 30. fxe3 Rxh2 31. a3
bxa3 32. Rxa3 Rb2 33. b4 Rxb4 34. Rc3 a4 35. Rc6 Kf7 36. Rc7+ Kf8 37. Rxh7 a3
38. Ra7 a2 39. Ke2 Rb1 0-1

[Event "Politiken Cup 18th"]
[Site "Copenhagen"]
[Date "1996.??.??"]
[Round "5"]
[White "Lyrberg, Patrik"]
[Black "Jakobsen, Ole"]
[Result "0-1"]
[WhiteElo "2425"]
[BlackElo "2390"]
[Annotator "Horn,Pe"]
[PlyCount "60"]
[EventDate "1996.06.??"]
[EventType "swiss"]
[EventRounds "11"]
[EventCountry "DEN"]
[SourceTitle "CBM 054"]
[Source "ChessBase"]
[SourceDate "1996.10.01"]
[SourceVersion "1"]
[SourceVersionDate "1996.10.01"]
[SourceQuality "1"]

1. Nf3 e6 2. g3 f5 3. Bg2 Nf6 4. O-O Be7 5. d3 (5. d4 $14) 5... O-O 6. Nc3 (6.
Nbd2 {scheint mir flexibler zu sein.}) (6. c4 $5 {->A10}) 6... d6 7. e4 fxe4 (
7... e5 8. exf5 Bxf5 9. Nh4 Bg4 10. f3 Bc8 11. f4 Nc6 12. fxe5 dxe5 13. h3 Nd4
$132 {Lputian-Bareev/Kiev/1986}) 8. dxe4 (8. Ng5 $6 exd3 (8... e5 $10) 9. Bh3
e5 (9... dxc2 10. Qxc2 $44) 10. Be6+ Kh8 11. Qxd3 c6 (11... e4 $5) 12. f4 (12.
Nf7+ Rxf7 13. Bxf7 d5 {[%csl Rf7]}) 12... e4 13. Ncxe4 Nxe4 14. Qxe4 Bxg5 15.
Bxc8 d5 16. Qd3 Qxc8 17. fxg5 Nd7 (17... Rxf1+ 18. Qxf1 Na6 $10) 18. Be3 Ne5
19. Qe2 Nc4 20. Bc5 Re8 21. Qh5 Qe6 22. Rf4 $6 b6 23. Rh4 Qf5 24. Rf1 Qxc2 25.
g6 h6 26. Bd4 Kg8 27. Bxg7 Ne3 28. Qf3 Qf5 $2 (28... Qg2+ 29. Qxg2 Nxg2 30.
Bxh6 Nxh4 31. gxh4 Re4) 29. Bxh6 $16 {Lisitsin-Chistiakov/URS-ch/1939}) 8... e5
{/\ Bg4. Schwarz hat keinerlei Eröffnungsprobleme.} (8... Nc6 9. Ng5 (9. e5
dxe5 $13) 9... h6 10. Nh3 e5 $10 {Kochetkov-Arkhipov/URS/1988}) 9. Nh4 $6 {
[%cal Yh4f5] Der Zug ist plausibel: Weiß möchte durch Abtausch des Nf5 gegen
den Bc8 seinen kümmerlichen Bg2 aufwerten und auch gelegentlich f4 spielen.
Weiß kommt aber wegen seiner etwas passiven Aufstellung nicht dazu, den Plan
zu realisieren.} (9. Qd3 Kh8 10. h3 Qe8 11. Ne2 Nbd7 (11... Qh5) 12. Ne1 Nc5
13. Qe3 Ncxe4 $5 14. Bxe4 Bxh3 $44 {Hoelzl-Wach/Graz zt/1993}) (9. h3 $142 Na6
(9... Kh8 $5) 10. Be3 Qe8 11. Re1 c6 12. Qe2 Nc7 13. a4 Qh5 14. Nd2 Qxe2 15.
Rxe2 $10 {Drasko-Notaros/JUG-chT/1995}) 9... c6 $1 (9... Ne8 10. Nf5) (9... Nc6
10. Nf5 Kh8 11. f4 $10 {I.Koenig-Muhring/Hastings/1948}) 10. h3 (10. f4 $2 Qb6+
11. Kh1 Ng4 $17) 10... Ne8 11. Nf3 {Gibt das Scheitern zu. Die solide weiße
Stellung hält den Tempoverlust zwar aus, aber es ist klar, daß Weiß sich im 9.
Zug besser weiterentwickelt hätte.} Be6 $15 12. a4 a5 13. Be3 Nd7 (13... Na6 $5
) 14. Kh2 (14. Ne1 $5 Bg5 (14... Nc7) (14... Bc4 15. Nd3) 15. f4 exf4 16. gxf4
Bh6 {[%cal Yd8h4]}) 14... Nc7 {[%cal Yd6d5]} 15. Qe2 (15. Ne1) 15... d5 16.
exd5 cxd5 17. Nxe5 $2 {Eine Fehlkombination.} (17. Nb5 $10) 17... Nxe5 18. Bb6
(18. Bf4 Rxf4 19. gxf4 Ng6 $19) 18... Ra6 $1 19. Bxc7 (19. Nxd5 Bxd5 20. Bxc7
Qxc7 21. Bxd5+ Nf7 $19) 19... Qxc7 20. Nb5 (20. f4 Ng6 $8 21. Nxd5 Bxd5 22.
Bxd5+ Kh8 $19) 20... Qb8 21. f4 Ng6 22. Rae1 Bc5 23. Qd3 Bf7 24. Bxd5 Rf6 25.
Rd1 Kh8 26. Bg2 b6 27. Rfe1 Ne7 28. Re5 Nc6 29. Ree1 Bh5 30. Rd2 Rd8 0-1

[Event "URS-chT Republics 19th Group1"]
[Site "Azov"]
[Date "1991.??.??"]
[Round "2"]
[White "Nasybullin, Vladislav"]
[Black "Agrest, Evgenij"]
[Result "0-1"]
[WhiteElo "2330"]
[BlackElo "2480"]
[Annotator "Horn,Pe"]
[PlyCount "58"]
[EventDate "1991.??.??"]
[EventType "team-tourn"]
[EventRounds "5"]
[EventCountry "URS"]
[SourceTitle "EXT 2020"]
[Source "ChessBase"]
[SourceDate "2019.10.17"]
[SourceVersion "1"]
[SourceVersionDate "2019.10.17"]
[SourceQuality "1"]
[WhiteTeam "Kazakhstan"]
[BlackTeam "Leningrad"]
[WhiteTeamCountry "KAZ"]
[BlackTeamCountry "RUS"]

1. Nf3 d6 2. g3 e5 3. Bg2 g5 $6 {N} 4. d4 (4. O-O $5 $14 g4 5. Ne1) 4... g4 5.
Nh4 Bg7 6. dxe5 Bxe5 7. e4 Ne7 8. O-O Nbc6 9. Nc3 Bf6 10. Bh6 Be6 11. Qd2 Ne5
12. Nd5 Bxd5 13. exd5 Bxh4 14. gxh4 Nf5 15. Bg5 f6 16. Qf4 fxg5 17. Qxf5 Qe7
18. Rae1 h5 19. Re3 gxh4 20. f4 gxf3 21. Bxf3 Kd8 22. Bxh5 c5 23. dxc6 bxc6 24.
c4 $2 (24. Be2 $10) 24... Kc7 25. c5 Raf8 $1 $19 26. Bf7 (26. cxd6+ Qxd6 27.
Qxe5 Rhg8+ $19) 26... Kb8 27. cxd6 Qxf7 28. Rxe5 Rhg8+ 29. Kh1 Qg7 0-1

[Event "URS-chT Republics 19th Group1"]
[Site "Azov"]
[Date "1991.??.??"]
[Round "1"]
[White "Asanov, Bolat"]
[Black "Zagrebelny, Sergey"]
[Result "1/2-1/2"]
[WhiteElo "2400"]
[BlackElo "2450"]
[Annotator "Horn,Pe"]
[PlyCount "128"]
[EventDate "1991.??.??"]
[EventType "team-tourn"]
[EventRounds "5"]
[EventCountry "URS"]
[SourceTitle "EXT 2020"]
[Source "ChessBase"]
[SourceDate "2019.10.17"]
[SourceVersion "1"]
[SourceVersionDate "2019.10.17"]
[SourceQuality "1"]
[WhiteTeam "Kazakhstan"]
[BlackTeam "Uzbekistan"]
[WhiteTeamCountry "KAZ"]
[BlackTeamCountry "UZB"]

1. e4 c5 2. Nf3 d6 3. d3 Nc6 4. g3 g6 5. Bg2 Bg7 6. O-O e5 7. c3 Nge7 8. a3 a5
9. a4 O-O 10. Na3 h6 11. Nc4 (11. Nb5) 11... f5 12. Qb3 Be6 $1 13. exf5 (13.
Qxb7 $2 Bxc4 14. dxc4 Rb8 (14... fxe4 $19) 15. Qa6 Rb6 $19) 13... gxf5 14. Re1
(14. Qxb7 $2 Bxc4 15. dxc4 Rb8 16. Qa6 Rb6 $19) 14... Qc7 15. Nh4 {/\ f4} Bf7
16. Qd1 Rae8 $2 (16... d5 17. Ne3 Be6 $15) 17. f4 $1 Qd7 $6 18. fxe5 Nxe5 (
18... dxe5 19. Be3 $16) 19. Bf4 $1 Nd5 (19... Nxc4 20. dxc4 Bxc4 21. Qxd6 $16)
(19... Bxc4 $2 20. dxc4 Nxc4 $2 21. Rxe7 Rxe7 22. Bd5+ $18) 20. Ne3 Nxe3 21.
Rxe3 d5 22. Bh3 d4 23. Nxf5 (23. Bxf5 Qd8 24. Re1 $16) 23... Be6 (23... dxe3
24. Nxh6+ $18) 24. Nxg7 Bxh3 (24... dxe3 25. Nxe6 Rxe6 26. Bxe5 $18) 25. Rxe5
Qxg7 26. Rxe8 (26. Rxc5 $4 Rxf4) 26... Rxe8 27. Qh5 Bd7 28. Bxh6 Re5 $1 29.
Bxg7 (29. Qh4 Qg6 30. Qd8+ Be8 31. Bf4 Re2 $13) 29... Rxh5 30. Bf6 Bh3 $1 31.
cxd4 (31. Re1 $5 $16) 31... Kf7 32. Be5 Ke6 33. Rc1 Rf5 34. Bh8 Rf8 35. Bg7 Rf7
36. Re1+ Kd5 37. Be5 Rf5 38. Bc7 Kxd4 39. Bxa5 Kxd3 40. Bc3 c4 41. a5 Rf3 42.
g4 Bxg4 43. Kg2 Re3 44. Rc1 Bh3+ 45. Kf2 Ke4 46. Bd2 Rf3+ 47. Ke2 Be6 48. Rg1
Rh3 49. Rg2 Bd7 50. Bc3 Re3+ 51. Kd1 Ba4+ 52. Kd2 Rd3+ 53. Ke2 Re3+ 54. Kf2
Rf3+ 55. Kg1 Bd7 56. h4 Rf4 57. h5 Rg4 58. h6 Rxg2+ 59. Kxg2 Bf5 60. Kg3 Bh7
61. Kg4 Kd5 62. Kf4 Ke6 63. Ke3 Kd5 64. Kd2 Bg8 1/2-1/2